Información y documentación : Sistemas de gestión para registros : (Registro nro. 4728)
[ vista simple ]
| 000 -LEADER | |
|---|---|
| fixed length control field | 01084nam a2200241Ia 4500 |
| 003 - CONTROL NUMBER IDENTIFIER | |
| control field | OSt |
| 005 - DATE AND TIME OF LATEST TRANSACTION | |
| control field | 20200326114529.0 |
| 008 - FIXED-LENGTH DATA ELEMENTS--GENERAL INFORMATION | |
| fixed length control field | 191128s2013 ck gr 001 0 spa d |
| 040 ## - CATALOGING SOURCE | |
| Original cataloging agency | CO-JMCR |
| Transcribing agency | CO-JMCR |
| 082 04 - DEWEY DECIMAL CLASSIFICATION NUMBER | |
| Classification number | 025.1714 / |
| Item number | I59i |
| 110 2# - MAIN ENTRY--CORPORATE NAME | |
| Corporate name or jurisdiction name as entry element | Instituto Colombiano de normas técnicas y certificación, INCONTEC |
| 9 (RLIN) | 1896 |
| 245 20 - TITLE STATEMENT | |
| Title | Información y documentación : Sistemas de gestión para registros : |
| Remainder of title | Fundamentos y vocabulario / |
| Statement of responsibility, etc. | Instituto Colombiano de normas técnicas y certificación, INCONTEC |
| 260 ## - PUBLICATION, DISTRIBUTION, ETC. | |
| Place of publication, distribution, etc. | Bogotá : |
| Name of publisher, distributor, etc. | Icontec, |
| Date of publication, distribution, etc. | 2013. |
| 300 ## - PHYSICAL DESCRIPTION | |
| Extent | 19 páginas ; |
| Dimensions | 28 cm |
| 490 0# - SERIES STATEMENT | |
| Series statement | Norma técnica colombiana |
| 500 ## - GENERAL NOTE | |
| General note | Norma técnica colombiana NTC-ISO 30300 |
| 505 ## - FORMATTED CONTENTS NOTE | |
| Formatted contents note | Objetivo y campo de aplicaciones -- Fundamentos de un SGR -- Relación entre el SGR y el sistema de gestión -- Contexto de la organización -- Nececidad de la organización |
| 546 ## - LANGUAGE NOTE | |
| Language note | spa |
| 650 14 - SUBJECT ADDED ENTRY--TOPICAL TERM | |
| Topical term or geographic name entry element | Gestión de documentos digitales |
| 9 (RLIN) | 1923 |
| 650 24 - SUBJECT ADDED ENTRY--TOPICAL TERM | |
| Topical term or geographic name entry element | Sistemas de gestión documental |
| 9 (RLIN) | 1924 |
| 650 24 - SUBJECT ADDED ENTRY--TOPICAL TERM | |
| Topical term or geographic name entry element | Registros digitales. |
| General subdivision | Documentos de archivo |
| 9 (RLIN) | 1925 |
| 942 ## - ADDED ENTRY ELEMENTS (KOHA) | |
| Source of classification or shelving scheme | Dewey Decimal Classification |
| Koha item type | Books |
| Withdrawn status | Lost status | Source of classification or shelving scheme | Materials specified (bound volume or other part) | Damaged status | Not for loan | Home library | Current library | Date acquired | Source of acquisition | Cost, normal purchase price | Total Checkouts | Full call number | Barcode | Date last seen | Date last checked out | Copy number | Price effective from | Koha item type |
|---|---|---|---|---|---|---|---|---|---|---|---|---|---|---|---|---|---|---|
| Dewey Decimal Classification | Donación--15/04/2018-- | Biblioteca Pública José María del Castillo y Rada | Biblioteca Pública José María del Castillo y Rada | 11/28/2019 | Donación | 0.00 | 1 | 025.1714 / I59i | 430000080 | 05/16/2024 | 01/30/2024 | Ej.1 | 11/28/2019 | Books |